• 首页
  • 本馆介绍
  • 公告通知
  • 最新文献
  • 馆藏检索
  • 电子资源
  • 读者导购
  • 参考咨询
  • 我的图书馆
  • 登录
  • 详细信息显示
  • 放入我的书架
  • 预约/预借图书
  • 作者相关作品
  • 分类相关作品
  • 丛书相关作品
  • 出版社相关作品

书目信息

  • 表格格式
  • 工作单格式
  • 卡片格式
题名:
现代分子遗传学理论与发展研究
    
 
作者: 陈海伟 主编
分册:  
出版信息: 北京   中国水利水电出版社  2014
页数: 371页
开本: 26cm
丛书名:
单 册:
中图分类: Q75
科图分类:
主题词: 分子遗传学--研究 , 分子遗传学
电子资源:
ISBN: 978-7-5170-1338-9
000 00791nam0 2200241 450
001 012015000314
005 20150914155801.20
010    @a978-7-5170-1338-9@dCNY84.00
100    @a20140429d2014 em y0chiy50 ea
101 0  @achi
102    @aCN@b110000
105    @aa z 000yy
106    @ar
200 1  @a现代分子遗传学理论与发展研究@Axian dai fen zi yi chuan xue li lun yu fa zhan yan jiu@f陈海伟主编
210    @a北京@c中国水利水电出版社@d2014
215    @a371页@c图@d26cm
330    @a本书收集了最近几年现代分子遗传学发展的最新成果,对细胞遗传的过程和分子遗传学的研究进展做了重点介绍。
606 0  @a分子遗传学@x研究
606 0  @a分子遗传学
690    @aQ75@v5
701  0 @a陈海伟@Achen hai wei@f(1967~)@4主编
801  0 @aCN@b碧洲教育@c20150716
905    @a10447@f4@dQ75@e179
    
    现代分子遗传学理论与发展研究/陈海伟主编.-北京:中国水利水电出版社,2014
    371页:图;26cm
    
    
    ISBN 978-7-5170-1338-9:CNY84.00
    本书收集了最近几年现代分子遗传学发展的最新成果,对细胞遗传的过程和分子遗传学的研究进展做了重点介绍。
●
相关链接 在E读中查询图书 在五车中查询图书 在当当中查询图书 在豆瓣中查询图书


正题名:现代分子遗传学理论与发展研究     索取号:Q75/179         预约/预借

序号 登录号 条形码 馆藏地/架位号 状态 备注
1 0849785   208497857   第二样本阅览室/ [索取号:Q75/179] 在馆    
2 0849786   208497866   第三借阅区/ [索取号:Q75/179] 在馆    
3 0849787   208497875   第三借阅区/ [索取号:Q75/179] 在馆    
4 0849788   208497884   密集书库-生命科学系/ [索取号:Q75/179] 在馆    
唐山师范学院图书馆 欢迎您!
大连网信软件有限公司© 版权所有